[Event "IECG QF.2005.0.00067 email"]
[Site "IECG email"]
[Date "2005.07.28"]
[Round "?"]
[White "Ladzpa, Gel"]
[Black "Micu, Sorin"]
[Result "0-1"]
[WhiteElo "1100"]
[BlackElo "1143"]
[PlyCount "22"]
[EventDate "2005.07.28"]
[EventType "tourn (corr)"]
[EventRounds "6"]
[SourceTitle "Corr 2024"]
[Source "ChessBase"]
[SourceDate "2023.10.19"]
[SourceVersion "1"]
[SourceVersionDate "2023.10.19"]
[SourceQuality "1"]

1. e4 c6 2. d4 d5 3. e5 Bf5 4. Nd2 e6 5. f4 c5 6. g4 Qh4+ 7. Ke2 Bxg4+ 8. Ndf3 Nc6 9. Be3 cxd4 10. Bxd4 Nxd4+ 11. Qxd4 Ne7 0-1

[Event "IECG QF.2005.0.00067 email"]
[Site "IECG email"]
[Date "2005.07.28"]
[Round "?"]
[White "Micu, Sorin"]
[Black "Ladzpa, Gel"]
[Result "1-0"]
[WhiteElo "1143"]
[BlackElo "1100"]
[PlyCount "21"]
[EventDate "2005.07.28"]
[EventType "tourn (corr)"]
[EventRounds "6"]
[SourceTitle "Corr 2024"]
[Source "ChessBase"]
[SourceDate "2023.10.19"]
[SourceVersion "1"]
[SourceVersionDate "2023.10.19"]
[SourceQuality "1"]

1. d4 Nf6 2. c4 g6 3. Nc3 Bg7 4. e4 0-0 5. Be2 e6 6. e5 Ne8 7. Nf3 b6 8. Be3 Bb7 9. Qd2 d5 10. cxd5 exd5 11. 0-0-0 1-0

[Event "IECG QF.2002.0.00022"]
[Site "IECG email"]
[Date "2002.08.05"]
[Round "?"]
[White "Ladzpa, Gel"]
[Black "Sherwood, Aaron"]
[Result "0-1"]
[WhiteElo "1100"]
[BlackElo "1000"]
[PlyCount "22"]
[EventDate "2002.08.05"]
[EventType "tourn (corr)"]
[EventRounds "6"]
[SourceTitle "Corr 2008"]
[Source "ChessBase"]
[SourceDate "2008.06.24"]
[SourceVersion "1"]
[SourceVersionDate "2008.06.24"]
[SourceQuality "1"]

1. d4 f5 2. Nc3 Nf6 3. Nf3 d5 4. Ne5 Nbd7 5. e3 e6 6. g4 Nxe5 7. g5 Ne4 8. Nxe4 dxe4 9. dxe5 Qxg5 10. h4 Qe7 11. Bd2 Qc5 0-1

[Event "IECG CF.2001.0.00010 email"]
[Site "IECG email"]
[Date "2001.09.16"]
[Round "?"]
[White "Ferrer Ramos, Joaquin"]
[Black "Ladzpa, Gel"]
[Result "0-1"]
[WhiteElo "1047"]
[BlackElo "1100"]
[PlyCount "30"]
[EventDate "2001.09.16"]
[EventType "tourn (corr)"]
[EventRounds "6"]
[SourceTitle "Corr 2008"]
[Source "ChessBase"]
[SourceDate "2008.06.24"]
[SourceVersion "1"]
[SourceVersionDate "2008.06.24"]
[SourceQuality "1"]

1. e4 b6 2. d4 Bb7 3. Bd3 e6 4. Nf3 c5 5. c3 d5 6. e5 Be7 7. Be3 Nd7 8. 0-0 f6 9. Nh4 g6 10. f4 f5 11. g4 Bxh4 12. gxf5 exf5 13. Bxf5 gxf5 14. Qh5+ Ke7 15. Qxh4+ Ke6 0-1

[Event "IECG CF.2001.0.00010 email"]
[Site "IECG email"]
[Date "2001.09.16"]
[Round "?"]
[White "Ladzpa, Gel"]
[Black "Znak, Nicholas"]
[Result "1-0"]
[WhiteElo "1100"]
[BlackElo "1127"]
[PlyCount "59"]
[EventDate "2001.09.16"]
[EventType "tourn (corr)"]
[EventRounds "6"]
[SourceTitle "Corr 2008"]
[Source "ChessBase"]
[SourceDate "2008.06.24"]
[SourceVersion "1"]
[SourceVersionDate "2008.06.24"]
[SourceQuality "1"]

1. d4 f5 2. c4 Nf6 3. Nc3 e6 4. g3 Be7 5. Bg2 0-0 6. e3 Bb4 7. Nge2 c6 8. Qc2 d6 9. Bd2 Ba5 10. 0-0-0 Qe7 11. d5 e5 12. dxc6 Nxc6 13. Nb5 Bb6 14. Bc3 Bc7 15. h4 Be6 16. b3 e4 17. Ned4 Nxd4 18. Nxd4 Bd7 19. Qe2 a6 20. Bh3 Ne8 21. f3 Rd8 22. Rhf1 a5 23. fxe4 fxe4 24. Bxd7 Qxd7 25. Rxf8+ Kxf8 26. Rf1+ Kg8 27. Nf5 d5 28. Qg4 Bb6 29. Nh6+ Kh8 30. Rf8# 1-0